আরব জাতির ইতিহাস [হিস্ট্রি অফ সারাসিনস্] / (Record no. 104057)
[ view plain ]
| 000 -LEADER | |
|---|---|
| fixed length control field | 01321nam a22002657a 4500 |
| 003 - CONTROL NUMBER IDENTIFIER | |
| control field | BD-DhUL |
| 005 - DATE AND TIME OF LATEST TRANSACTION | |
| control field | 20220302155555.0 |
| 008 - FIXED-LENGTH DATA ELEMENTS--GENERAL INFORMATION | |
| fixed length control field | 160904s1981 bg |||| |||| 000 0 ben |
| 020 ## - INTERNATIONAL STANDARD BOOK NUMBER | |
| International Standard Book Number | 984074724X |
| 020 ## - INTERNATIONAL STANDARD BOOK NUMBER | |
| International Standard Book Number | 984075694X |
| 040 ## - CATALOGING SOURCE | |
| Original cataloging agency | BD-DhUL |
| Transcribing agency | BD-DhUL |
| 082 #0 - DEWEY DECIMAL CLASSIFICATION NUMBER | |
| Classification number | 953 |
| Item number | ALA |
| 100 10 - MAIN ENTRY--PERSONAL NAME | |
| Personal name | আলী, সৈয়দ আমীর। |
| 245 10 - TITLE STATEMENT | |
| Title | আরব জাতির ইতিহাস [হিস্ট্রি অফ সারাসিনস্] / |
| Statement of responsibility, etc. | সৈয়দ আমীর আলী ; শেখ রেয়াজুদ্দীন আহম্মদ, অনূদিত ; মফীজুল্লাহ্ কবীর, সম্পাদিত। |
| 250 ## - EDITION STATEMENT | |
| Edition statement | ২য় সং. |
| 260 ## - PUBLICATION, DISTRIBUTION, ETC. (IMPRINT) | |
| Place of publication, distribution, etc. | ঢাকা : |
| Name of publisher, distributor, etc. | বাংলা একাডেমী, |
| Date of publication, distribution, etc. | ১৯৮১ (২০১৮ মদ্রণ)। |
| 300 ## - PHYSICAL DESCRIPTION | |
| Extent | [৮], ৪৫৬ পৃ . ; |
| Dimensions | ২৩ সেমি. |
| 365 ## - TRADE PRICE | |
| Price type code | BDT |
| Price amount | 450.00 |
| 504 ## - BIBLIOGRAPHY, ETC. NOTE | |
| Bibliography, etc | গ্রন্থপঞ্জিগত তথ্য সংবলিত। |
| 651 #4 - SUBJECT ADDED ENTRY--GEOGRAPHIC NAME | |
| Geographic name | আরব জাতি |
| Form subdivision | ইতিহাস। |
| 651 #4 - SUBJECT ADDED ENTRY--GEOGRAPHIC NAME | |
| Geographic name | Arabian Peninsula |
| Form subdivision | History. |
| 700 10 - ADDED ENTRY--PERSONAL NAME | |
| Personal name | আহম্মদ, শেখ রেয়াজুদ্দীন। |
| Relator term | অনু. |
| 700 10 - ADDED ENTRY--PERSONAL NAME | |
| Personal name | কবীর, মফীজুল্লাহ্। |
| Relator term | সম্পা. |
| 942 ## - ADDED ENTRY ELEMENTS (KOHA) | |
| Source of classification or shelving scheme | |
| Koha item type | Books |
| Price effective from | Date last seen | Permanent Location | Not for loan | Date acquired | Source of classification or shelving scheme | Koha item type | Lost status | Withdrawn status | Copy number | Source of acquisition | Collection code | Damaged status | Shelving location | Barcode | Current Location | Full call number |
|---|---|---|---|---|---|---|---|---|---|---|---|---|---|---|---|---|
| 2016-09-04 | 2016-09-04 | Dhaka University Library | 2016-09-04 | Books | 5 | Purchased | Non Fiction | General Stacks | 481649 | Dhaka University Library | 953 ALA | |||||
| 2016-09-04 | 2016-09-04 | Dhaka University Library | 2016-09-04 | Books | 4 | Purchased | Non Fiction | General Stacks | 481648 | Dhaka University Library | 953 ALA | |||||
| 2016-09-04 | 2016-09-04 | Dhaka University Library | 2016-09-04 | Books | 1 | Purchased | Non Fiction | General Stacks | 481645 | Dhaka University Library | 953 ALA | |||||
| 2016-09-04 | 2016-09-04 | Dhaka University Library | 2016-09-04 | Books | 2 | Purchased | Non Fiction | General Stacks | 481646 | Dhaka University Library | 953 ALA | |||||
| 2016-09-04 | 2016-09-04 | Dhaka University Library | 2016-09-04 | Books | 3 | Purchased | Non Fiction | General Stacks | 481647 | Dhaka University Library | 953 ALA | |||||
| 2019-07-17 | 2019-07-17 | Dhaka University Library | 2019-04-28 | Books | 6 | Purchased | Non Fiction | General Stacks | 507803 | Dhaka University Library | 953 ALA | |||||
| 2019-07-17 | 2019-07-17 | Dhaka University Library | 2019-04-28 | Books | 7 | Purchased | Non Fiction | General Stacks | 507804 | Dhaka University Library | 953 ALA | |||||
| 2019-07-17 | 2019-07-17 | Dhaka University Library | 2019-05-14 | Books | 8 | Purchased | Non Fiction | General Stacks | 508249 | Dhaka University Library | 953 ALA | |||||
| 2022-02-14 | 2022-02-14 | Dhaka University Library | 2022-02-14 | Books | 9 | Purchased | General Stacks | 520148 | Dhaka University Library | 953 ALA | ||||||
| 2022-02-14 | 2022-02-14 | Dhaka University Library | 2022-02-14 | Books | 10 | Purchased | General Stacks | 520149 | Dhaka University Library | 953 ALA |
